000 00933nam a2200265 a 4500
001 000039424
005 20230526131558.0
008 100308s1965 sp 000 d spa d
040 _aDO-SdBNP
_bspa
_cBNPHU
082 _a862.3
_bR741ce, 1949
100 1 _aRojas, Fernando de,
_d1470-1541
_939878
245 1 3 _aLa Celestina :
_btragicomedia de Calixto y Melibea /
_cFernando de Rojas ; edición y notas de Julio Cejador y Frauca.
250 _a8a ed.
260 _aBuenos Aires :
_bEspasa-Calpe,
_c1965.
300 _a146 [14] p. ;
_c19 cm.
490 1 _aAustral
_v195
500 _aIncluye índice
504 _aIncluye referencias bibliográficas y notas al pie de las páginas
650 4 _aTeatro español
_93071
650 4 _aDrama español
_926851
650 4 _aLiteratura española
_9632
700 1 2 _aCejador y Frauca, Julio,
_eed.
_939879
830 0 _aAustral
_n195
_965621
910 _aValidado. Control de calidad MFF
999 _c38914
_d38914